000 00425nam a2200169Ia 4500
008 151018s9999 xx 000 0 und d
082 _bRBASDV2016
_a823
100 _aRiddle John
245 _aThe Black Monoplance
260 _bMellifond press ltd.
_c1937
300 _a96
600 _aRiddle John
630 _aThe Black Monoplance
700 _aRiddle John
730 _aThe Black Monoplance
942 _cBOOK
999 _c1004441
_d1004438